[Event "Collado Villalba op 40th"]
[Site "Collado Villalba"]
[Date "2023.08.25"]
[Round "4"]
[White "Meco Torrejon, Daniel"]
[Black "Castellanos Bogalo, Antonio"]
[Result "0-1"]
[WhiteElo "1451"]
[BlackElo "1960"]
[PlyCount "46"]
[EventDate "2023.08.22"]
[EventType "swiss"]
[EventRounds "9"]
[EventCountry "ESP"]
[SourceTitle "EXT 2024"]
[Source "ChessBase"]
[SourceDate "2023.10.10"]
[SourceVersion "1"]
[SourceVersionDate "2023.10.10"]
[SourceQuality "1"]

1. d4 d5 2. c4 e5 3. a3 Nc6 4. e3 exd4 5. exd4 Nf6 6. Nf3 Be7 7. Be2 0-0 8. 0-0 h6 9. h3 Be6 10. cxd5 Nxd5 11. Nc3 Bf6 12. Ne4 Rb8 13. Nxf6+ Qxf6 14. Bd3 Rfd8 15. Be4 Nf4 16. Bxc6 bxc6 17. Bxf4 Qxf4 18. Qa4 Rb5 19. Rac1 Bxh3 20. Rxc6 Bxg2 21. Qxb5 Bxf3 22. Qe5 Qg4+ 23. Qg3 Qxg3+ 0-1